Rol de los sindicatos en Chile

Guardat en:
Dades bibliogràfiques
Autor principal: Pizarro Contador, Crisóstomo (autor)
Autor corporatiu: CIEPLAN (Autor), Centro de Inverstigaciones Económicas para Latinoamérica (Autor)
Format: Llibre
Idioma:espanyol
Publicat: Santiago CIEPLAN 1978
Col·lecció:Estudios CIEPLAN, 22
Matèries:
Etiquetes: Afegir etiqueta
Sense etiquetes, Sigues el primer a etiquetar aquest registre!

MARC

LEADER 00000nam a2200000 a 4500
001 UCR8703
003 CL-VaPUC
008 980529e19780000CL |||||||||||||||||spa|d
082 0 4 |a 331.88  |b PIZ  |2 21 
100 |a Pizarro Contador, Crisóstomo  |e autor  |9 605677 
110 2 |a CIEPLAN  |e author  |9 410803 
710 2 |a Centro de Inverstigaciones Económicas para Latinoamérica  |e author  |9 410804 
245 1 0 |a Rol de los sindicatos en Chile 
300 |a 41 p 
942 |c BK 
945 |d 19980529 00:00:00  |a crobeson 
260 |a Santiago  |b CIEPLAN  |c 1978 
650 0 |a Sindicatos  |9 255034 
650 7 |a SINDICALISMO  |2 CL-VaPUC  |9 410805 
650 0 |a Movimiento obrero   |9 322899 
651 7 |a CHILE  |2 CL-VaPUC  |9 410806 
583 |a last modification  |c 19980529 00:00:00  |k Rodrigo Vera 
490 0 |a Estudios CIEPLAN, 22 
999 |c 270099  |d 270097 
952 |0 0  |1 0  |4 0  |6 331_880000000000000_PIZ_1978  |7 0  |8 A  |9 304219  |a BIBENE  |b BIBENE  |d 2019-11-20  |i 1405446  |o 331.88 PIZ 1978  |p 1405446  |r 2025-01-15  |w 2019-11-20  |y BK  |k ICO